L'ex-Union soviétique était composée de 15 républiques, citez-les tout - Statistiques

Statistiques générales
  • Ce quiz a été pris 94 fois
  • Le résultat moyen est 13 sur 15
Statistiques - réponses
Réponse % Correct
Biélorussie
95%
Estonie
93%
Lettonie
93%
Lituanie
93%
Ukraine
93%
Géorgie
85%
Russie
85%
Tadjikistan
85%
Arménie
83%
Azerbaïdjan
82%
Kazakhstan
82%
Turkménistan
80%
Ouzbékistan
79%
Moldavie
75%
Kirghizistan
73%
Aucun quiz correspondant
Distribution des résultats
% des personnes avec chaque résultat
Percentile par nombre de réponses
Votre historique - résultats
Vous n’avez pas pris ce quiz